000 01133aab a2200193 i 4500
001 768714001
003 CO-MdFUSB
005 20240422125159.0
008 221103s1997 ag ||||| |||| 00| 0 spa d
040 _bspa
_cCO-MdFUSB
_dCO-MdFUSB
041 _aspa
100 1 _aPadilla, C. René
_eautor
245 1 3 _aEl amor al poder y el poder del amor
_c/ C. René Padilla
300 _aVolumen 16, número 2 (abril - junio, 1997), páginas: 4 - 5
_c; 27 cm
520 _aLa tarea prioritaria de los líderes de la iglesia es forma lideres que sirvan en la iglesia y en la sociedad; líderes/siervos que, olvidándose de sí mismo, vivan para el Reino de Dios y su justicia. El nuevo Testamento provee las directrices para la realización de esa tarea. Y el poder transformador del Espíritu Santo está a disposición de todo líder que anhela, por sobre todas las cosas, reflejar en su vida y ministerio la imagen de Jesucristo, el mesías crucificado, el líder/siervo.
650 0 _92014
_aLiderazgo
773 0 _tIglesia y Misión
_049402
_959637
_gVolumen 16, número 2 (abril - junio, 1997), páginas: 4-5
_qPáginas: 4
942 _cANA
999 _c52236
_d52236